Kniga pogromov. - Moskva. - 2007 [Rezension]

Titel: Kniga pogromov. - Moskva. - 2007 [Rezension]
Verfasser:
In: Przegla̜d historyczny, Band 99, Heft 3 (2008), Seite 477-481
alle Artikel anzeigen
Veröffentlicht: 2008
Format: Aufsatz
Sprache: Polnisch
Kein Bild verfügbar
X
alg: 39510108
001A    $01999:12-11-16 
001B    $01999:04-08-21 $t21:04:47.000 
001C    $06050:14-11-16 $t07:18:13.000 
001D    $01999:12-11-16 
001U    $0utf8 
001X    $00 
002@    $0Aox 
003@    $0395101085 
007A    $0395101085 $aHEB 
007T    $0Herda27355h 
010@    $apol 
011@    $a2008 
021A    $aKniga pogromov. - Moskva. -  2007 [Rezension] 
028A    $aTomaszewski $dJerzy 
031A    $d99 $e3 $h477-481 $j2008 
039B    $aIn $8--Abvc--. Przegla̜d historyczny. - Warszawa : Wydawnictwo DiG, 1905-. - ISSN 0033-2186 $x200800000990003523 $9047456078 
039T    $8--Aax--. Kniga pogromov. - Moskva, 2007 $9395680514 
045F    $a900.9438 $eDDC23BSB 
045F/01 $a900 
045F/03 $g438 
045T    $a7,41 

lok: 39510108 78

exp: 39510108 78 1 #EPN
201B/01 $018-11-16 $t13:45:00.000 
201U/01 $0utf8 
203@/01 $0791399710 
208@/01 $a12-11-16 $be 
209A/01 $a/ $f000 $x00 
220C/01 $aHerkunft: PBB/IH PAN 
244Z/01 $2Trx $#Poola $#Lenkija $#Polija $#Polen Land $#Poland $#Lengyelország $#Poľsko $#Polsko $8--Trx--Polska$gkraj $x01 $9391345966 
244Z/01 $2Trx $#arvustused $#recenzijos $#Reviews $#recenziók $#recenzje $#recenzie $#recenze $8--Trx--Rezensionen $x02 $9391357441 
247C/01 $82080>Marburg/Lahn, Herder-Institut, Forschungsbibliothek, Bibliographieportal $9336309341
LEADER 00000caa a22000002c 4500
001 395101085
003 DE-603
005 20210804210447.0
007 tu
008 161112s2008 xx |||| | u00||u|pol c
035 |a (DE-599)HEB395101085 
040 |a DE-603  |b ger  |c DE-603  |d DE-603 
041 |a pol 
082 0 4 |8 1\u  |a 900.9438  |q DE-101  |2 23/BSB 
084 |a 7,41  |2 ssgn 
085 |8 1\u  |b 900 
085 |8 1\u  |z 2  |s 438 
100 1 |a Tomaszewski, Jerzy 
245 0 0 |a Kniga pogromov. - Moskva. - 2007 [Rezension] 
264 0 |c 2008 
773 0 8 |i In  |t Przegla̜d historyczny  |d Warszawa : Wydawnictwo DiG, 1905-  |x 0033-2186  |g Band 99, Heft 3 (2008), Seite 477-481  |w (DE-603)047456078  |w (DE-600)281539-4 
787 0 8 |i Rezension von  |t Kniga pogromov  |d Moskva, 2007  |w (DE-603)395680514 
924 0 |9 2080  |a (DE-603)791399710  |b DE-2080  |c HES  |d d  |g /